Vancouver Canucks 2025-2026 Roster - Statistics

General Stats
  • This quiz has been taken 99 times
    97 since last reset
  • The average score is 19 of 25
Answer Stats
Jersey # Pos Player % Correct
43 D Quinn Hughes
97%
25 D Elias Pettersson
96%
40 C Elias Pettersson
96%
29 D Marcus Pettersson
95%
35 G Thatcher Demko
95%
6 RW Brock Boeser
93%
8 RW Conor Garland
92%
57 D Tyler Myers
92%
91 LW Evander Kane
88%
17 D Filip Hronek
86%
32 G Kevin Lankinen
85%
44 LW Kiefer Sherwood
84%
21 LW Nils Hoglander
81%
74 LW Jake DeBrusk
77%
53 C Teddy Blueger
74%
13 LW Arshdeep Bains
70%
94 C Linus Karlsson
70%
54 C Aatu Raty
68%
18 LW Drew O'Connor
64%
72 C Filip Chytil
64%
27 D Derek Forbort
58%
23 RW Jonathan Lekkerimaki
55%
90 D Victor Mancini
52%
80 C Braeden Cootes
47%
73 D P.O Joseph
33%
No matching quizzes found
Score Distribution
Percent of People with Each Score
Percentile by Number Answered
Your Score History
You have not taken this quiz since the last reset